000 00700nam a2200169 a 4500
008 080303s2007 ||||||||||||||||| || u
020 _a9780821373101
050 _aIBRD-IFC(058)AR/2007
110 _aInternational Finance Corporation (IFC)
245 1 0 _aInternational Finance Corporation annual report 2007: an integrated report, creating opportunity
260 _aWashington, D.C.
_bWorld Bank
_c2007
300 _a168p.
350 _a0.00
650 _aINTERNATIONAL FINANCE CORPORATION
710 _aWorld Bank
995 _D0.00
_FCBU-MAIN LIBRARY (Kitwe)
_H1
_I0.00
_M1
_UAVAILABLE
_WAug 29, 2008
_ZInternational Publications
999 _c47375
_d47375